Δίκαιο του περιβάλλοντος

Αποθηκεύτηκε σε:
Λεπτομέρειες βιβλιογραφικής εγγραφής
Κύριος συγγραφέας: Κουτούπα-Ρεγκάκου, Ευαγγελία
Μορφή: Βιβλίο
Γλώσσα:Greek
Δημοσίευση: Αθήνα; Θεσσαλονίκη : Σάκκουλας, 2007
Έκδοση:2η έκδ., επαυξ.
Θέματα:
Ετικέτες: Προσθήκη ετικέτας
Δεν υπάρχουν, Καταχωρήστε ετικέτα πρώτοι!

MARC

LEADER 00000cam a2200000 i 4500
001 1/42989
008 070403s2007 gre d
020 |a 978-960-445-143-2 
035 |l 10087494 
040 |a GR-MY-UA  |b gre  |e aacr 
041 0 |a gre 
082 0 |a 344.046  |2 (22) 
100 1 |a Κουτούπα-Ρεγκάκου, Ευαγγελία. 
245 1 0 |a Δίκαιο του περιβάλλοντος /  |c Ευαγγελία Κουτούπα-Ρεγκάκου 
250 |a 2η έκδ., επαυξ. 
260 |a Αθήνα; Θεσσαλονίκη :   |b Σάκκουλας,   |c 2007 
300 |a 304 σ.;  |c 24 εκ. 
504 |a Βιβλιογραφία: σ. 285-304 
650 0 0 |a Environmental law. 
852 |a INST  |b LESVOS  |e 20070403  |h 344.046 ΚΟΥ  |p 005100037105  |q 005100037105  |t BK  |y 0 
852 |a INST  |b LESVOS  |e 20070403  |h 344.046 ΚΟΥ  |p 005100037106  |q 005100037106  |t BK  |y 0 
901 |a BIBL1-2007-1 
909 |a Λ  |b 132448 
909 |a Λ  |b 132449 
970 |a ΒΑΡΚΑ  |b ΕΛΕΥΘΕΡΙΑ  |z 2007/04/03